000 00724nam a2200217Ia 4500
005 20241129105854.0
008 241129s9999||||xx |||||||||||||| ||und||
020 _a978-1-78330-405-9
037 _aTB
040 _aARTS
_beng
_cARTS
041 _aeng
_2eng
084 _aT:3(D65,8(2:55)) R1 (2D)
_qARTS
100 _aLioyd Annemaree Au.
_9726550
245 0 _aQualitative landscape of information literacy resesarch: perspectives, methods and techniques
_cLioyd Annemaree Au.
260 _aUK
_bFacet Publishing
_c2023
300 _axxiii,152p.
365 _aUKP
_b50
650 _aEducationTeachingComputer Applications
_9726551
942 _cTB
_hT:3(D65,8(2:55)) R1 (2D)
999 _c1226379
_d1226379